000 00615nam a2200193Ia 4500
003 GCL
008 140319s9999 xx 000 0 ara d
040 _aGCL /
_cGCL
082 0 4 _a372.7
_bا ر
100 1 _aاحسان مصطفى شعراوى
245 1 0 _aالرياضيات أهدافها واستراتيجيات تدريسها /
_cاحسان مصطفى شعراوى
260 _a[S.N] :
_bدار النهضة العربية ،
_c1985
300 _a247 ص
490 _a
650 0 4 _aالرياضيات
650 0 4 _aتعليم وتدريس
650 0 4 _aتدريب المعلمين
942 _2ddc
_cBK
999 _c37053
_d37053